ISO 3166-maakoodit - Statistics

Yleistilastot
  • Tätä visaa on pelattu 28 kertaa
  • Keskiarvotulos 12 / 24
Vastaustilastot
Koodi Valtio % Oikein
DK Tanska
100%
JP Japani
95%
RO Romania
95%
HU Unkari
95%
FI Suomi
90%
OM Oman
80%
ZW Zimbabwe
80%
ET Etiopia
65%
AT Itävalta
60%
TN Tunisia
60%
UY Uruguay
60%
YE Jemen
55%
BW Botswana
45%
GE Georgia
45%
VN Vietnam
40%
KG Kirgisia
25%
SM San Marino
25%
CM Kamerun
20%
PG Papua Uusi Guinea
20%
IL Israel
10%
LR Liberia
10%
NE Niger
10%
EH Länsi-Sahara
0%
MT Malta
0%
Ehtoja vastaavia visoja ei löytynyt
Tulosjakauma
Jokaisen tuloksen saaneiden osuus
Persentiili vastausten määrän mukaan
Tuloshistoriasi
Et ole pelannut tätä visaa